Grupo clase y proyecto educativo de centro
Kaydedildi:
| Asıl Yazarlar: | , , , |
|---|---|
| Materyal Türü: | Kitap |
| Dil: | İspanyolca |
| Baskı/Yayın Bilgisi: |
Barcelona
Universitat de Barcelona
1994
|
| Edisyon: | 1a. ed |
| Seri Bilgileri: | Cuadernos de Educación, 16
|
| Konular: | |
| Etiketler: |
Etiketle
Etiket eklenmemiş, İlk siz ekleyin!
|
MARC
| LEADER | 00000nam a2200000 a 4500 | ||
|---|---|---|---|
| 001 | UCH9745 | ||
| 003 | CL-VaPUC | ||
| 008 | 100121e19940000SP |||||||||||||||||spa|d | ||
| 020 | |a 8485840321 | ||
| 082 | 0 | 4 | |a 371.1024 |b DAR |2 21 |
| 100 | 0 | |a Darder, Pere |e author |9 547003 | |
| 700 | 0 | |a Franch, Joaquim |e author |9 547004 | |
| 700 | 0 | |a Coll, César |e author |9 547005 | |
| 700 | 0 | |a Pélach, Joaquim |e author |9 547006 | |
| 245 | 1 | 0 | |a Grupo clase y proyecto educativo de centro |
| 250 | |a 1a. ed | ||
| 300 | |a 194 p | ||
| 942 | |c BK | ||
| 945 | |d 20100121 00:00:00 |a rbrito | ||
| 260 | |a Barcelona |b Universitat de Barcelona |c 1994 | ||
| 650 | 0 | |a Manejo del aula |9 547007 | |
| 650 | 0 | |a Rendimiento escolar |9 330254 | |
| 650 | 0 | |a Relación profesor-alumno |9 525093 | |
| 583 | |a last modification |c 20100121 00:00:00 |k Rodrigo Vera | ||
| 490 | 0 | |a Cuadernos de Educación, 16 | |
| 999 | |c 339636 |d 339634 | ||
| 952 | |0 0 |1 0 |4 0 |6 371_102400000000000_DAR_1994 |7 0 |8 A |9 433401 |a BIBEDU |b BIBEDU |d 2019-11-22 |i 4633253 |o 371.1024 DAR 1994 |p 4633253 |r 2019-11-22 |w 2019-11-22 |y BK |k EPE | ||